Migrantes deportados: entre la concepción de los desechos humanos y la de los derechos humanos /
Furkejuvvon:
| Váldodahkki: | |
|---|---|
| Materiálatiipa: | Texto |
| Fáddágilkorat: |
Lasit fáddágilkoriid
Eai fáddágilkorat, Lasit vuosttaš fáddágilkora!
|
MARC
| LEADER | 00000 a a2200000 04500 | ||
|---|---|---|---|
| 001 | 42706 | ||
| 003 | |||
| 040 | |||
| 100 | |a Mejía R., Joaquín A. | ||
| 245 | |a Migrantes deportados: |b entre la concepción de los desechos humanos y la de los derechos humanos / |c Joaquín A. Mejía R. | ||
| 500 | |a jamejiarivera@eric-sj.org | ||
| 773 | |g volumen43, número88 ( , 2011), páginas 72-85 | ||
| 999 | |c 33479 |d 33479 | ||
